Most Popular Car By Country Quiz Stats

Quiz not verified by Sporcle

Challenge
Share
Tweet
Embed
Score 0/17 Timer 04:00
0 Plays Today
% Correct
Fiat Uno
82.7%
Toyota Corolla
81.8%
Ford F-Series
79.1%
Hindustan Ambassador
74.5%
SEAT Ibiza
74.5%
Volvo 200 Series
72.7%
Volkswagen Golf
70.9%
Renault Clio
70%
Škoda Octavia
70%
% Correct
MINI Cooper
67.3%
Ford Falcon
59.1%
Perodua Myvi
52.7%
Zaporozhets
45.5%
Volkswagen Gol
36.4%
126p
26.4%
Renault Symbol
20%
Volkswagen Santana
19.1%

You're not logged in!

Compare scores with friends on all Sporcle quizzes.
Sign Up with Email
OR
Log In

You Might Also Like...

Show Comments

Extras

Top Quizzes Today


Score Distribution

Your Account Isn't Verified!

In order to create a playlist on Sporcle, you need to verify the email address you used during registration. Go to your Sporcle Settings to finish the process.